| 000 | 00610nam a2200217Ia 4500 | ||
|---|---|---|---|
| 001 | 9007 | ||
| 003 | GE_BSU | ||
| 008 | 181216s||||||||xx |||||||||||||| ||und|| | ||
| 040 | _cGE_BSU | ||
| 080 | _a821.353.1–32 | ||
| 100 | _aკლდიაშვილი,სერგო | ||
| 245 | _aნოველები | ||
| 245 | _bრომანი | ||
| 245 | _cრედ.რ.გვეტაძე | ||
| 260 | _aტფილისი | ||
| 260 | _bფედერაციის გამ–ბა | ||
| 260 | _c1938 | ||
| 300 | _a127გვ.13სმ. | ||
| 653 | _aნოველები | ||
| 942 | _cBK | ||
| 999 |
_c42312 _d42312 |
||